000
00299nam a22001337a 4500
008
170816b xxu||||| |||| 00| 0 eng d
020
_a
9780321434258
041
_a
eng
080
_2
3RD
_a
311
100
_a
36
101
_a
STA
245
_a
ESSENTIALS OF STATISTICS
_c
TRIOLA,M.F
942
_2
udc
_c
BK
999
_c
23668
_d
23668